Visualizzazione normale
Vista MARC
- Piccioni Piero
di Personal Name
Records bibliografici associati: 1
001 - CONTROL NUMBER
- control field: 4775
003 - CONTROL NUMBER IDENTIFIER
- control field: IT-RoPau
005 - DATE AND TIME OF LATEST TRANSACTION
- control field: 20131201220426.0
008 - FIXED-LENGTH DATA ELEMENTS
- fixed length control field: 131201|| aca||aabn | a|a d
040 ## - CATALOGING SOURCE
- Original cataloging agency: IT-RoPau
- Transcribing agency: IT-RoPau
100 ## - HEADING--PERSONAL NAME
- Personal name: Piccioni Piero
- Relator term: Autore musica
- Miscellaneous information: Codice autore musica SPICS: 11072
- Name of part/section of a work: Il presidente del Borgorosso Football Club - Bello, onesto, emigrato Australia sposerebbe compaesana illibata
670 ## - SOURCE DATA FOUND
- Source citation: Work cat.: (IT-RoPau)102736: AA.VV. 794, Più bella musica dallo schermo (La)-Disco N.3